Statistics for Highest Major City by Country

Click here to take the quiz!

General Stats

  • This quiz has been taken 26 times
  • The average score is 22 of 28

Answer Stats

Country, Elevation (m)Answer% Correct
South Africa, 1753Johannesburg
100%
Mexico, 2250Mexico City
100%
Bolivia, 3640La Paz
95%
Ecuador, 2850Quito
95%
Turkey, 938Ankara
91%
Colombia, 2555Bogotá
91%
United States, 1610Denver
91%
Israel, 785Jerusalem
91%
Spain, 667Madrid
91%
Switzerland, 540Bern
86%
Saudi Arabia, 612Riyadh
86%
Canada, 1042Calgary
82%
Pakistan, 540Islamabad
82%
Japan, 57Kyoto
82%
Russia, 156Moscow/Novosibirsk
82%
Chile, 570Santiago
82%
Brazil, 1172Brasilia
77%
Australia, 556Canberra
77%
Germany, 530Munich
73%
Italy, 254Turin
73%
Austria, 353Graz
68%
Poland, 266Katowice
64%
Argentina, 410Córdoba
59%
China, 1890Kunming
59%
United Kingdom, 140Birmingham
55%
India, 920Bangalore
50%
Belgium, 73Liège
50%
France, 214Grenoble
41%

Score Distribution

Percentile by Number Answered

Percent of People with Each Score

Your Score History

You have not taken this quiz